Pānapata, Marāṭhī itihāsātalā eka ajarāmara prasṅga : (Record no. 84630)

MARC details
000 -LEADER
fixed length control field 00589nam a2200193 a 4500
001 - CONTROL NUMBER
control field sa 68012627
003 - CONTROL NUMBER IDENTIFIER
control field DLC
005 - DATE AND TIME OF LATEST TRANSACTION
control field 20260227112612.0
008 - FIXED-LENGTH DATA ELEMENTS--GENERAL INFORMATION
fixed length control field 970905s1968 ii 000 0 mar
010 ## - LIBRARY OF CONGRESS CONTROL NUMBER
LC control number sa 68012627
040 ## - CATALOGING SOURCE
Original cataloging agency DLC
Transcribing agency DLC
050 00 - LIBRARY OF CONGRESS CALL NUMBER
Classification number PK2418.M3137
Item number P3
100 00 - MAIN ENTRY--PERSONAL NAME
Personal name Manamohana,
Dates associated with a name 1914-
245 10 - TITLE STATEMENT
Title Pānapata, Marāṭhī itihāsātalā eka ajarāmara prasṅga :
Remainder of title romaharshaka aitihāsika kādambarī /
Statement of responsibility, etc. Manamohana.
250 ## - EDITION STATEMENT
Edition statement Prathamāvr̥tti.
260 ## - PUBLICATION, DISTRIBUTION, ETC.
Place of publication, distribution, etc. Solāpūra :
Name of publisher, distributor, etc. Surasa granthamālā,
Date of publication, distribution, etc. 1968.
300 ## - PHYSICAL DESCRIPTION
Extent 225 cm. :
Dimensions 19 cm.
546 ## - LANGUAGE NOTE
Language note In Marathi.

No items available.

Powered by Koha